Statistics for The Hardest Quiz

Click here to take the quiz!

General Stats

  • This quiz has been taken 16 times
  • The average score is 216 of 356

Answer Stats

Answer% Correct
1
100%
2
100%
3
100%
4
100%
5
100%
6
100%
7
100%
8
100%
9
100%
10
94%
11
94%
12
94%
13
94%
14
94%
15
94%
16
94%
17
94%
Red
94%
18
88%
Blue
88%
Green
88%
Orange
88%
Purple
88%
Usa
88%
Yellow
88%
100
81%
19
81%
20
81%
21
81%
22
81%
23
81%
24
81%
25
81%
26
81%
27
81%
28
81%
29
81%
33
81%
34
81%
35
81%
36
81%
37
81%
42
81%
43
81%
44
81%
45
81%
52
81%
55
81%
56
81%
57
81%
58
81%
59
81%
62
81%
63
81%
64
81%
65
81%
66
81%
67
81%
68
81%
73
81%
74
81%
75
81%
76
81%
77
81%
78
81%
83
81%
84
81%
86
81%
87
81%
88
81%
89
81%
90
81%
95
81%
96
81%
98
81%
99
81%
Canada
81%
30
75%
31
75%
32
75%
38
75%
39
75%
40
75%
41
75%
46
75%
47
75%
48
75%
49
75%
50
75%
51
75%
53
75%
54
75%
60
75%
61
75%
69
75%
70
75%
71
75%
72
75%
80
75%
81
75%
82
75%
85
75%
91
75%
92
75%
93
75%
94
75%
97
75%
Africa
75%
Asia
75%
Belize
75%
Black
75%
Europe
75%
Mexico
75%
North America
75%
Oceania
75%
South America
75%
United Kingdom
75%
79
69%
Afghanistan
69%
Albania
69%
Antarctica
69%
Antigua and Barbuda
69%
Brown
69%
China
69%
Costa Rica
69%
Donald Trump
69%
El Salvador
69%
George Washington
69%
Guatemala
69%
Italy
69%
Jamaica
69%
Panama
69%
United Arab Emirates
69%
Algeria
63%
Argentina
63%
Australia
63%
Austria
63%
Bahrain
63%
Bangladesh
63%
Barack Obama
63%
Chad
63%
Chile
63%
Colombia
63%
Cuba
63%
Cyprus
63%
Czech Republic
63%
Denmark
63%
Dominica
63%
Estonia
63%
Eswatini
63%
Finland
63%
France
63%
Germany
63%
Greece
63%
Guinea
63%
Haiti
63%
India
63%
Indonesia
63%
Iran
63%
Iraq
63%
Ireland
63%
Japan
63%
Joe Biden
63%
Latvia
63%
Liechtenstein
63%
Lithuania
63%
Luxembourg
63%
Nicaragua
63%
Niger
63%
Nigeria
63%
Paraguay
63%
Poland
63%
Portugal
63%
Qatar
63%
Russia
63%
Saint Kitts
63%
Saint Lucia
63%
South Africa
63%
Spain
63%
Sweden
63%
Turkmenistan
63%
Ukraine
63%
Uruguay
63%
Vatican
63%
Venezuela
63%
Vietnam
63%
Andorra
56%
Angola
56%
Armenia
56%
Azerbaijan
56%
Barbados
56%
Belarus
56%
Belgium
56%
Bhutan
56%
Bosnia and Herzegovina
56%
Brazil
56%
Bulgaria
56%
Cambodia
56%
Cameroon
56%
Cape Verde
56%
Comoros
56%
Croatia
56%
Democratic Republic of the Congo
56%
East Timor
56%
Ecuador
56%
Egypt
56%
Georgia
56%
Ghana
56%
Guyana
56%
Honduras
56%
Iceland
56%
Israel
56%
Ivory Coast
56%
Jordan
56%
Kazakhstan
56%
Kenya
56%
Kiribati
56%
Kosovo
56%
Kyrgyzstan
56%
Laos
56%
Lesotho
56%
Madagascar
56%
Malaysia
56%
Malta
56%
Moldova
56%
Mongolia
56%
Morocco
56%
Nepal
56%
Netherlands
56%
New Zealand
56%
North Macedonia
56%
Norway
56%
Papua New Guinea
56%
Peru
56%
Philippines
56%
Republic of the Congo
56%
Romania
56%
San Marino
56%
Sao Tome
56%
Senegal
56%
Serbia
56%
Sierra Leone
56%
Singapore
56%
Slovakia
56%
Slovenia
56%
South Korea
56%
South Sudan
56%
Sudan
56%
Suriname
56%
Taiwan
56%
Tajikistan
56%
Thailand
56%
Togo
56%
Tonga
56%
Turkey
56%
Tuvalu
56%
Vanuatu
56%
Yemen
56%
Abraham Lincoln
50%
Bahamas
50%
Benin
50%
Bolivia
50%
Botswana
50%
Brunei
50%
Burkina Faso
50%
Burundi
50%
Central African Republic
50%
Djibouti
50%
Equatorial Guinea
50%
Eritrea
50%
Fiji
50%
Gabon
50%
Gambia
50%
George H W Bush
50%
George W Bush
50%
Grenada
50%
Guinea Bissau
50%
Hungary
50%
Kuwait
50%
Lebanon
50%
Liberia
50%
Libya
50%
Maldives
50%
Mali
50%
Marshall Islands
50%
Mauritania
50%
Mauritius
50%
Micronesia
50%
Montenegro
50%
Myanmar
50%
Namibia
50%
North Korea
50%
Oman
50%
Palau
50%
Richard Nixon
50%
Saint Vincent
50%
Samoa
50%
Saudi Arabia
50%
Seychelles
50%
Solomon Islands
50%
Somalia
50%
Sri Lanka
50%
Trinidad
50%
Tunisia
50%
Uganda
50%
Uzbekistan
50%
Zambia
50%
Zimbabwe
50%
Ethiopia
44%
John F Kennedy
44%
Malawi
44%
Monaco
44%
Mozambique
44%
Nauru
44%
Pakistan
44%
Rwanda
44%
Switzerland
44%
Syria
44%
Tanzania
44%
Franklin D Roosevelt
38%
Theodore Roosevelt
38%
Andrew Johnson
31%
Bill Clinton
31%
Gerald Ford
31%
Herbert Hoover
31%
John Adams
31%
Lyndon B Johnson
31%
Thommas Jefferson
31%
Harry S Truman
25%
Ronald Reagan
25%
James A Garfield
19%
Jimmy Carter
19%
Millard Fillmore
19%
Ulysses S
19%
Woodrow Wilson
19%
Benjamin Harrison
13%
Calvin Coolidge
13%
Domincan Republic
13%
Dwight D
13%
James Madison
13%
John Quincy
13%
John Tyler
13%
Zachary Taylor
13%
Andrew Jackson
6%
Franklin Pierce
6%
Grover Cleveland
6%
James Buchanan
6%
James K
6%
James Monroe
6%
Martin Van Buren
6%
Rutherford
6%
Warren G Harding
6%
William Henry
6%
William Howard
6%
William McKinley
6%
Chester A Auther
0%

Score Distribution

Percentile by Number Answered

Percent of People with Each Score

Your Score History

You have not taken this quiz